000 00790nam a2200217 a 4500
001 BRCA_1616
005 20190320203459.0
008 100408s2007----mx-a---###---#000-0#spa-#
020 _a9789708021067
050 4 _aND259.R5
_b.A38 2007
245 1 0 _aDiego Rivera
_bacuarelas.
260 _aMéxico
_bCONACULTA : INBA : Festival Internacional Cervantino
_c2007
300 _a77 p.
_bil. a color, fotografías
_c23 cm.
500 _aIncluye piezas de la colección Franz Mayer: p. [27] y [31]
500 _aIncluye cronología: p. 67-72
500 _a2do. ejemplar en el Área de Investigación
504 _aBibliografía: p. 73-75
600 1 4 _aRivera, Diego
_d1957-2007
_xCrítica e interpretación
_95072
650 1 4 _aAcuarelas costumbristas
_ySiglo XX
_zMéxico
_95073
942 _2lcc
_cB
999 _c1425
_d1425